[Event "Solingen Karneval op"]
[Site "Solingen"]
[Date "2012.02.18"]
[Round "2"]
[White "Groene, Lars"]
[Black "Boschek, Hans Joachim"]
[Result "1/2-1/2"]
[WhiteElo "1894"]
[BlackElo "1900"]
[PlyCount "66"]
[EventDate "2012.02.17"]
[EventType "swiss"]
[EventRounds "5"]
[EventCountry "GER"]
[SourceTitle "EXT 2015"]
[Source "ChessBase"]
[SourceDate "2014.11.20"]
[SourceVersion "1"]
[SourceVersionDate "2014.11.20"]
[SourceQuality "1"]

1. d4 Nf6 2. c4 e6 3. Nc3 d5 4. cxd5 exd5 5. Bg5 Be7 6. e3 c6 7. Qc2 Nbd7 8. Bd3 0-0 9. Nge2 Re8 10. f3 h6 11. Bh4 c5 12. Qd2 cxd4 13. exd4 Nb6 14. b3 Bd7 15. 0-0 Qc8 16. Rac1 Qd8 17. Nb5 Bc6 18. Bg3 Rf8 19. Rfe1 Qd7 20. a4 a6 21. Nbc3 Rae8 22. Be5 Qd8 23. Nd1 Nbd7 24. Bg3 Nh5 25. Bxa6 Nxg3 26. hxg3 Qb6 27. Bb5 Bxb5 28. axb5 Qxb5 29. Qb2 Bb4 30. Ndc3 Qd3 31. Red1 Qe3+ 32. Kf1 Nf6 33. Nf4 Bxc3 1/2-1/2

[Event "Solingen Karneval op"]
[Site "Solingen"]
[Date "2012.02.18"]
[Round "3"]
[White "Hollender, Christoph"]
[Black "Groene, Lars"]
[Result "0-1"]
[WhiteElo "1831"]
[BlackElo "1894"]
[PlyCount "156"]
[EventDate "2012.02.17"]
[EventType "swiss"]
[EventRounds "5"]
[EventCountry "GER"]
[SourceTitle "EXT 2015"]
[Source "ChessBase"]
[SourceDate "2014.11.20"]
[SourceVersion "1"]
[SourceVersionDate "2014.11.20"]
[SourceQuality "1"]

1. d4 Nf6 2. Nf3 g6 3. c4 Bg7 4. Nc3 d5 5. e3 0-0 6. Be2 c5 7. dxc5 Qa5 8. 0-0 dxc4 9. Bxc4 Qxc5 10. Be2 Nc6 11. e4 Rd8 12. Be3 Qb4 13. Qc2 Ng4 14. Bf4 Be6 15. Rad1 Rac8 16. h3 Nge5 17. Be3 Nxf3+ 18. Bxf3 Nd4 19. Bxd4 Rxd4 20. a3 Qc5 21. Qb1 Rcd8 22. Rxd4 Rxd4 23. Rd1 Qb6 24. Rxd4 Bxd4 25. Qe1 Qxb2 26. Nd5 Qxa3 27. Qd2 Be5 28. Qd1 Bxd5 29. exd5 b6 30. g3 Qa1 31. Qxa1 Bxa1 32. Be2 Kg7 33. f4 Kf6 34. Kg2 g5 35. Kf3 gxf4 36. gxf4 a5 37. Bb5 e6 38. d6 e5 39. d7 Ke7 40. f5 f6 41. Ke4 Bd4 42. Kd5 Bc5 43. Kc6 Kd8 44. Kd5 Be7 45. Kc6 e4 46. Kd5 e3 47. Kd4 e2 48. Bxe2 Kxd7 49. Kd5 Bc5 50. Bb5+ Ke7 51. Ba4 Kf7 52. Ke4 Kg7 53. Kf4 h5 54. Be8 Kh6 55. Ba4 Bd6+ 56. Ke4 Kg5 57. Kd5 Be5 58. Kc6 Kxf5 59. Kxb6 Bc3 60. Kc5 Ke5 61. Kc4 Bb4 62. Kd3 Kf4 63. Ke2 Kg3 64. Bd7 Kf4 65. Bc6 Bc5 66. Bb5 Ke4 67. Kd2 Kd4 68. Kc2 Bb4 69. Be8 h4 70. Bd7 Ke4 71. Bc6+ Ke5 72. Kd3 f5 73. Ke3 Bc5+ 74. Kf3 f4 75. Be8 Be3 76. Ke2 Bg1 77. Kf3 Bh2 78. Ke2 Bg3 0-1

[Event "Duisburg Grossenbaum op"]
[Site "Duisburg"]
[Date "2005.05.16"]
[Round "6"]
[White "Groene, Lars"]
[Black "Der, Josef"]
[Result "1-0"]
[WhiteElo "1931"]
[BlackElo "1664"]
[PlyCount "63"]
[EventDate "2005.05.13"]
[EventType "swiss"]
[EventRounds "7"]
[EventCountry "GER"]
[SourceTitle "EXT 2006"]
[Source "ChessBase"]
[SourceDate "2005.11.24"]
[SourceVersion "1"]
[SourceVersionDate "2005.11.24"]
[SourceQuality "1"]

1. d4 Nf6 2. c4 e6 3. Nc3 Be7 4. e4 d6 5. Bd3 b6 6. Nge2 Bb7 7. 0-0 Nbd7 8. f3 0-0 9. Be3 Rc8 10. Rc1 c5 11. b3 cxd4 12. Nxd4 a6 13. Bb1 Re8 14. Qe2 Nf8 15. f4 Qc7 16. h3 g6 17. Qf2 Bd8 18. f5 exf5 19. exf5 Ne4 20. Bxe4 Bxe4 21. f6 Ba8 22. Bg5 Qb7 23. Nd5 Rb8 24. Qh4 h5 25. g4 Re4 26. Rcd1 Ne6 27. Nxe6 Rxe6 28. gxh5 Kf8 29. hxg6 fxg6 30. Qh8+ Kf7 31. Qg7+ Ke8 32. f7+ 1-0

[Event "Duisburg Grossenbaum op"]
[Site "Duisburg"]
[Date "2005.05.16"]
[Round "7"]
[White "Thomas, Ingo"]
[Black "Groene, Lars"]
[Result "1/2-1/2"]
[WhiteElo "2146"]
[BlackElo "1931"]
[PlyCount "42"]
[EventDate "2005.05.13"]
[EventType "swiss"]
[EventRounds "7"]
[EventCountry "GER"]
[SourceTitle "EXT 2006"]
[Source "ChessBase"]
[SourceDate "2005.11.24"]
[SourceVersion "1"]
[SourceVersionDate "2005.11.24"]
[SourceQuality "1"]

1. Nf3 Nf6 2. c4 g6 3. Nc3 Bg7 4. e4 d6 5. d4 0-0 6. Be2 e5 7. 0-0 Nc6 8. d5 Ne7 9. b4 Nd7 10. a4 f5 11. Ng5 Nf6 12. Bf3 fxe4 13. Ncxe4 Nf5 14. Bb2 Nxe4 15. Nxe4 Nd4 16. Bxd4 exd4 17. c5 Bf5 18. cxd6 Bxe4 19. Bxe4 Qxd6 20. Qd2 Rae8 21. Rae1 Re7 1/2-1/2

[Event "Duisburg Grossenbaum op"]
[Site "Duisburg"]
[Date "2005.05.15"]
[Round "5"]
[White "Graw, Christopher"]
[Black "Groene, Lars"]
[Result "1-0"]
[WhiteElo "2157"]
[BlackElo "1931"]
[PlyCount "49"]
[EventDate "2005.05.13"]
[EventType "swiss"]
[EventRounds "7"]
[EventCountry "GER"]
[SourceTitle "EXT 2006"]
[Source "ChessBase"]
[SourceDate "2005.11.24"]
[SourceVersion "1"]
[SourceVersionDate "2005.11.24"]
[SourceQuality "1"]

1. e4 c5 2. Nf3 e6 3. d4 cxd4 4. Nxd4 Nf6 5. Nc3 d6 6. g3 Nc6 7. Be3 a6 8. Bg2 Qc7 9. 0-0 Bd7 10. Qe2 Be7 11. Rad1 0-0 12. f4 Rac8 13. Nb3 b5 14. a3 Rfd8 15. g4 Be8 16. g5 Nd7 17. Qf2 Na5 18. f5 Nc4 19. Bc1 Nxa3 20. Bh3 Nc5 21. fxe6 fxe6 22. Nxc5 Qxc5 23. Bxe6+ Kh8 24. Be3 Qe5 25. Qf8+ 1-0

[Event "Duisburg Grossenbaum op"]
[Site "Duisburg"]
[Date "2005.05.14"]
[Round "3"]
[White "Fehmer, Carsten"]
[Black "Groene, Lars"]
[Result "1-0"]
[WhiteElo "2161"]
[BlackElo "1931"]
[PlyCount "69"]
[EventDate "2005.05.13"]
[EventType "swiss"]
[EventRounds "7"]
[EventCountry "GER"]
[SourceTitle "EXT 2006"]
[Source "ChessBase"]
[SourceDate "2005.11.24"]
[SourceVersion "1"]
[SourceVersionDate "2005.11.24"]
[SourceQuality "1"]

1. d4 Nf6 2. Nf3 g6 3. g3 Bg7 4. Bg2 d5 5. 0-0 0-0 6. c4 c6 7. cxd5 cxd5 8. Nc3 e6 9. Bf4 a6 10. Qd2 Nbd7 11. Rac1 b5 12. Ne5 Bb7 13. a3 Qb6 14. Rfd1 Rac8 15. Nxd7 Nxd7 16. h4 Rc4 17. Be3 Nf6 18. b3 Rcc8 19. Bf4 Rfd8 20. Be5 Ne4 21. Nxe4 dxe4 22. Bxg7 Kxg7 23. e3 Bd5 24. b4 f5 25. Rc5 Bc4 26. Qc3 Kf7 27. Rc1 Rxc5 28. dxc5 Qc6 29. Bf1 Bd3 30. Rd1 Qd5 31. c6 Rc8 32. Bxd3 exd3 33. Rxd3 Qxc6 34. Qd4 Qc1+ 35. Rd1 1-0

[Event "Wilhelm Werner Memorial-H 27th"]
[Site "Bockenem"]
[Date "2002.05.12"]
[Round "7"]
[White "Groene, Lars"]
[Black "Schmidt, Lars"]
[Result "1/2-1/2"]
[WhiteElo "1841"]
[BlackElo "1944"]
[PlyCount "47"]
[EventDate "2002.05.??"]
[EventType "swiss"]
[EventRounds "7"]
[EventCountry "GER"]
[SourceTitle "EXT 2008"]
[Source "ChessBase"]
[SourceDate "2007.11.25"]
[SourceVersion "1"]
[SourceVersionDate "2007.11.25"]
[SourceQuality "1"]

1. d4 e6 2. c4 Bb4+ 3. Bd2 Qe7 4. Nf3 f5 5. e3 Nf6 6. Bxb4 Qxb4+ 7. Qd2 Qxd2+ 8. Nfxd2 Nc6 9. Nc3 d6 10. Nb5 Kd8 11. a3 a6 12. Nc3 e5 13. dxe5 Nxe5 14. Be2 Be6 15. Rd1 Ke7 16. 0-0 d5 17. cxd5 Nxd5 18. Rc1 Rac8 19. Nf3 Nxc3 20. Rxc3 Nxf3+ 21. Bxf3 c6 22. Rd1 Rcd8 23. Rcd3 Rxd3 24. Rxd3 1/2-1/2

[Event "Leverkusen-ch op 14th"]
[Site "Leverkusen"]
[Date "2002.04.22"]
[Round "8"]
[White "Groene, Lars"]
[Black "Mueller, Dieter"]
[Result "1/2-1/2"]
[WhiteElo "1840"]
[BlackElo "2140"]
[PlyCount "109"]
[EventDate "2002.01.14"]
[EventType "swiss"]
[EventRounds "9"]
[EventCountry "GER"]
[SourceTitle "EXT 2004"]
[Source "ChessBase"]
[SourceDate "2003.11.25"]
[SourceVersion "1"]
[SourceVersionDate "2003.11.25"]
[SourceQuality "1"]

1. d4 d5 2. c4 e5 3. dxe5 d4 4. Nf3 Nc6 5. g3 Bg4 6. Bg2 Qd7 7. 0-0 0-0-0 8. a3 Nge7 9. Qa4 Kb8 10. Nbd2 Ng6 11. Re1 h5 12. Ne4 h4 13. Bg5 Be7 14. b4 hxg3 15. fxg3 Bxg5 16. Nfxg5 Ncxe5 17. Qxd7 Bxd7 18. Nc5 Bc8 19. Bd5 b6 20. Nb3 f6 21. Nf7 Nxf7 22. Bxf7 Ne5 23. Bd5 c6 24. Bg2 Nxc4 25. Red1 Ne3 26. Rxd4 Nxg2 27. Kxg2 Be6 28. Rad1 Kc7 29. Rxd8 Rxd8 30. Rxd8 Kxd8 31. Nd4 Bd5+ 32. Kf2 c5 33. Nf5 cxb4 34. axb4 g6 35. Nd4 a5 36. bxa5 bxa5 37. Nb5 a4 38. Ke3 Kd7 39. Kd4 Kc6 40. Na3 Bb3 41. e4 Kd6 42. Nb5+ Ke6 43. Nc7+ Kd7 44. Nb5 Ke6 45. Nc7+ Kf7 46. Nb5 Kg7 47. e5 f5 48. Kc5 Kf7 49. Kd6 g5 50. Nd4 f4 51. Kd7 Bd1 52. e6+ Kf6 53. e7 a3 54. e8Q Ba4+ 55. Nc6 1/2-1/2

[Event "Leverkusen-ch op 14th"]
[Site "Leverkusen"]
[Date "2002.03.18"]
[Round "6"]
[White "Hund, Gerhard"]
[Black "Groene, Lars"]
[Result "1-0"]
[WhiteElo "2021"]
[BlackElo "1840"]
[PlyCount "37"]
[EventDate "2002.01.14"]
[EventType "swiss"]
[EventRounds "9"]
[EventCountry "GER"]
[SourceTitle "EXT 2004"]
[Source "ChessBase"]
[SourceDate "2003.11.25"]
[SourceVersion "1"]
[SourceVersionDate "2003.11.25"]
[SourceQuality "1"]

1. Nf3 Nf6 2. c4 g6 3. Nc3 Bg7 4. e4 d6 5. Be2 0-0 6. 0-0 e5 7. d3 c6 8. Rb1 Na6 9. b4 Nc7 10. Qb3 b5 11. Rd1 Bb7 12. a4 a6 13. Be3 Qd7 14. d4 exd4 15. Bxd4 Ne6 16. cxb5 cxb5 17. axb5 Nxe4 18. Bxg7 Kxg7 19. bxa6 1-0

[Event "Leverkusen-ch op 14th"]
[Site "Leverkusen"]
[Date "2002.03.11"]
[Round "5"]
[White "Groene, Lars"]
[Black "Froehling, Ewald"]
[Result "1-0"]
[WhiteElo "1840"]
[BlackElo "1398"]
[PlyCount "51"]
[EventDate "2002.01.14"]
[EventType "swiss"]
[EventRounds "9"]
[EventCountry "GER"]
[SourceTitle "EXT 2004"]
[Source "ChessBase"]
[SourceDate "2003.11.25"]
[SourceVersion "1"]
[SourceVersionDate "2003.11.25"]
[SourceQuality "1"]

1. d4 Nf6 2. c4 g6 3. Nc3 d6 4. e4 Bg7 5. Nf3 0-0 6. Be2 Nbd7 7. 0-0 e5 8. Re1 exd4 9. Nxd4 Ne5 10. Bg5 c6 11. Qd2 Qb6 12. Rad1 Qc7 13. h3 a6 14. f4 Ned7 15. b4 c5 16. bxc5 dxc5 17. Nf3 Qc6 18. Bf1 Nb6 19. e5 Nh5 20. Ne4 f6 21. exf6 Nxf6 22. Nxf6+ Bxf6 23. Bh6 Bg7 24. Bxg7 Kxg7 25. Re7+ Kh6 26. f5+ 1-0